| 000 | 00596nam a22001817a 4500 | ||
|---|---|---|---|
| 005 | 20170808162325.0 | ||
| 010 | _aENG-119068 | ||
| 020 |
_c175.00 _a9788184654523 |
||
| 035 | _aEN-102600 | ||
| 037 | _bDBAD/PUB | ||
| 082 | _a280.64 | ||
| 100 | _aRedferan,Alastair | ||
| 245 |
_aLiving in love : _cby Alastair Redferan _bmysticism in a material world/ |
||
| 260 |
_aDelhi _bThe Indian Society for Promoting Christian Knowlewdge(ISPCK)) _c2014 |
||
| 270 |
_a1585,1654 Madarsa Road Kashmere Gate _bDelhi _e110006 |
||
| 300 |
_ax,144 _c22cm(pbk) |
||
| 942 |
_2ddc _cEN _mRED _h280.64 |
||
| 999 |
_c143167 _d143167 |
||